5HLuxD.jpg

KING HENRY VIII SENIOR AND PRIMARY SCHOOL LIBRARY OPAC

One thousand dollars and other plays / (Record no. 2757)

000 -LEADER
fixed length control field 02871cam a2200661 i 4500
001 - CONTROL NUMBER
control field 20738502
003 - CONTROL NUMBER IDENTIFIER
control field OSt
005 - DATE AND TIME OF LATEST TRANSACTION
control field 20230818154901.0
008 - FIXED-LENGTH DATA ELEMENTS--GENERAL INFORMATION
fixed length control field 181109r20082000enka 000 d eng d
010 ## - LIBRARY OF CONGRESS CONTROL NUMBER
LC control number 2017279447
020 ## - INTERNATIONAL STANDARD BOOK NUMBER
International Standard Book Number 9780194235204
Qualifying information (pbk.)
020 ## - INTERNATIONAL STANDARD BOOK NUMBER
International Standard Book Number 0194235203
Qualifying information (pbk.)
035 ## - SYSTEM CONTROL NUMBER
System control number (OCoLC)ocn774415260
040 ## - CATALOGING SOURCE
Original cataloging agency GO4
Language of cataloging eng
Transcribing agency GO4
Description conventions rda
Modifying agency GO4
-- OVY
-- OCLCA
-- WAU
-- IBI
-- OCLCF
-- DLC
-- KH8
042 ## - AUTHENTICATION CODE
Authentication code lccopycat
082 04 - DEWEY DECIMAL CLASSIFICATION NUMBER
Classification number 428.6 ESC
Edition number 23
100 1# - MAIN ENTRY--PERSONAL NAME
Personal name Escott, John,
Relator term author.
245 10 - TITLE STATEMENT
Title One thousand dollars and other plays /
Statement of responsibility, etc. O. Henry ; retold by John Escott ; [illustrated by: Susan Scott].
250 ## - EDITION STATEMENT
Edition statement Simplified edition.
264 #1 - PRODUCTION, PUBLICATION, DISTRIBUTION, MANUFACTURE, AND COPYRIGHT NOTICE
Place of production, publication, distribution, manufacture Oxford ;
-- New York :
Name of producer, publisher, distributor, manufacturer Oxford University Press,
Date of production, publication, distribution, manufacture, or copyright notice [2008]
264 #4 - PRODUCTION, PUBLICATION, DISTRIBUTION, MANUFACTURE, AND COPYRIGHT NOTICE
Date of production, publication, distribution, manufacture, or copyright notice ©2008
300 ## - PHYSICAL DESCRIPTION
Extent 56 pages :
Other physical details illustrations ;
Dimensions 20 cm.
336 ## - CONTENT TYPE
Content type term text
Content type code txt
Source rdacontent
337 ## - MEDIA TYPE
Media type term unmediated
Media type code n
Source rdamedia
338 ## - CARRIER TYPE
Carrier type term volume
Carrier type code nc
Source rdacarrier
490 0# - SERIES STATEMENT
Series statement Oxford bookworms library. Playscripts, stage 2
500 ## - GENERAL NOTE
General note Originally published in Oxford bookworms in 2000.
500 ## - GENERAL NOTE
General note Statement of responsibility partially from verso.
500 ## - GENERAL NOTE
General note Includes glossary (pages 39-40) and reading activities (pages 42-49).
505 00 - FORMATTED CONTENTS NOTE
Title All that money can buy --
-- One thousand dollars --
-- A night out --
-- Two loaves of bread.
520 ## - SUMMARY, ETC.
Summary, etc. These four plays about money, love, and life are adapted from short stories written a hundred years ago by the great American storyteller, O. Henry. Henry had his own difficulties with money and loneliness, and wrote from personal experience.
600 10 - SUBJECT ADDED ENTRY--PERSONAL NAME
Personal name Henry, O.,
Dates associated with a name 1862-1910
Form subdivision Adaptations.
600 17 - SUBJECT ADDED ENTRY--PERSONAL NAME
Personal name Henry, O.,
Dates associated with a name 1862-1910.
Source of heading or term fast
Authority record control number or standard number (OCoLC)fst00038267
650 #0 - SUBJECT ADDED ENTRY--TOPICAL TERM
Topical term or geographic name entry element Money
Form subdivision Drama.
650 #0 - SUBJECT ADDED ENTRY--TOPICAL TERM
Topical term or geographic name entry element Readers
Form subdivision Drama.
650 #0 - SUBJECT ADDED ENTRY--TOPICAL TERM
Topical term or geographic name entry element Love
Form subdivision Drama.
650 #7 - SUBJECT ADDED ENTRY--TOPICAL TERM
Topical term or geographic name entry element Love.
Source of heading or term fast
Authority record control number or standard number (OCoLC)fst01002769
650 #7 - SUBJECT ADDED ENTRY--TOPICAL TERM
Topical term or geographic name entry element Money.
Source of heading or term fast
Authority record control number or standard number (OCoLC)fst01025265
650 #7 - SUBJECT ADDED ENTRY--TOPICAL TERM
Topical term or geographic name entry element Readers.
Source of heading or term fast
Authority record control number or standard number (OCoLC)fst01090554
655 #0 - INDEX TERM--GENRE/FORM
Genre/form data or focus term Readers for new literates.
655 #0 - INDEX TERM--GENRE/FORM
Genre/form data or focus term High interest-low vocabulary books.
655 #7 - INDEX TERM--GENRE/FORM
Genre/form data or focus term Love stories.
Source of term lcsh
655 #7 - INDEX TERM--GENRE/FORM
Genre/form data or focus term Readers (Adult)
Source of term lcsh
655 #7 - INDEX TERM--GENRE/FORM
Genre/form data or focus term Adaptations.
Source of term fast
Authority record control number or standard number (OCoLC)fst01423910
655 #7 - INDEX TERM--GENRE/FORM
Genre/form data or focus term Drama.
Source of term fast
Authority record control number or standard number (OCoLC)fst01423879
655 #7 - INDEX TERM--GENRE/FORM
Genre/form data or focus term High interest-low vocabulary books.
Source of term fast
Authority record control number or standard number (OCoLC)fst01726639
655 #7 - INDEX TERM--GENRE/FORM
Genre/form data or focus term Readers.
Source of term fast
Authority record control number or standard number (OCoLC)fst01423896
655 #7 - INDEX TERM--GENRE/FORM
Genre/form data or focus term Readers (Adult)
Source of term fast
Authority record control number or standard number (OCoLC)fst01726482
655 #7 - INDEX TERM--GENRE/FORM
Genre/form data or focus term Romance fiction.
Source of term fast
Authority record control number or standard number (OCoLC)fst01921732
655 #7 - INDEX TERM--GENRE/FORM
Genre/form data or focus term Drama.
Source of term lcgft
655 #7 - INDEX TERM--GENRE/FORM
Genre/form data or focus term Adaptations.
Source of term lcgft
700 1# - ADDED ENTRY--PERSONAL NAME
Personal name Scott, Susan,
Dates associated with a name 1962-
Relator term illustrator.
700 1# - ADDED ENTRY--PERSONAL NAME
Personal name Henry, O.,
Dates associated with a name 1862-1910.
Title of a work Short stories.
Form subheading Selections.
Relationship information Adaptation of (work):
830 #0 - SERIES ADDED ENTRY--UNIFORM TITLE
Uniform title Oxford bookworms library.
Name of part/section of a work Playscripts.
Number of part/section of a work Stage 2.
906 ## - LOCAL DATA ELEMENT F, LDF (RLIN)
a 7
b cbc
c copycat
d 2
e ncip
f 20
g y-gencatlg
942 ## - ADDED ENTRY ELEMENTS (KOHA)
Source of classification or shelving scheme
Koha item type Teaching Resources
Holdings
Withdrawn status Lost status Source of classification or shelving scheme Damaged status Not for loan Collection code Permanent Location Current Location Shelving location Date acquired Total Checkouts Full call number Barcode Date due Date last seen Date last checked out Price effective from Koha item type
          Teaching Resources KH8 Senior School Library KH8 Senior School Library Staff Office 2023-08-18 1 428.6 ESC TRKHSL002139 2025-07-04 2024-11-08 2024-11-08 2023-08-18 Teaching Resources

Powered By KH8 IT Dept